| 000 | 00527nam a22002057a 4500 | ||
|---|---|---|---|
| 003 | Nust | ||
| 005 | 20211027104325.0 | ||
| 008 | 170113b xxu||||| |||| 00| 0 eng d | ||
| 020 | _a81-219-2573-8 | ||
| 038 | _aKhadija | ||
| 040 | _cc | ||
| 082 |
_a621.4 _bKHU |
||
| 100 |
_aKhurmi, R.S. _924542 |
||
| 245 |
_aA Textbook of Thermal Engineering (S.I. Units) / _cR.S. Khurmi, J.K. Gupta |
||
| 260 |
_aNew Delhi : _bS. Chand, _c2009. |
||
| 300 |
_a895.p ; _c24 cm. |
||
| 500 | _aPaperback. | ||
| 563 | _aPB | ||
| 942 |
_cBK _2ddc |
||
| 999 |
_c31982 _d31982 |
||